000 00502nam a2200145Ia 4500
008 090122s9999 xx 000 0 und d
082 _b7410
_a920.71
100 _aकदम
_bबाबा
245 _aस्वातंत्र्याच्या दिशेने
600 _aकदम
630 _aस्वातंत्र्याच्या दिशेने
700 _aकदम
730 _aस्वातंत्र्याच्या दिशेने
942 _cBOOK
999 _c31487
_d31487